Memoria /

保存先:
書誌詳細
共著者: Costa Rica. Ministerio de Ambiente, Energía y Minas, MINAE FUDEU
フォーマット: テキスト
出版事項: San José: IPECA
タグ: タグ追加
タグなし, このレコードへの初めてのタグを付けませんか!

MARC

LEADER 00000 a a2200000 04500
001 22835
003
040
090 |a 157300  
110 |a Costa Rica. Ministerio de Ambiente, Energía y Minas  
245 |a Memoria /  |c Costa Rica. Ministerio de Ambiente, Energía y Minas  
260 |a San José:   |b IPECA  
300 |a 35 p   |b il.  
710 |a MINAE   |a FUDEU  
999 |c 16235  |d 16235